Central Library OPAC University of Rajshahi

Payment by results / (Record no. 43475)

MARC details
000 -LEADER
fixed length control field 00938nam a2200289 a 4500
001 - CONTROL NUMBER
control field 43475
003 - CONTROL NUMBER IDENTIFIER
rucl marc code BD-RJUL
005 - DATE AND TIME OF LATEST TRANSACTION
control field 20211209053713.0
008 - FIXED-LENGTH DATA ELEMENTS--GENERAL INFORMATION
fixed length control field 160622m19531951sz 000 0 eng
035 ## - SYSTEM CONTROL NUMBER
System control number BD-RJUL 43593
System control number 8367852
040 ## - CATALOGING SOURCE
Original cataloging agency DLC
Transcribing agency CarP
Modifying agency DLC
Language of cataloging eng
041 ## - LANGUAGE CODE
Language code of text/sound track or separate title eng
082 ## - DEWEY DECIMAL CLASSIFICATION NUMBER
Edition number 23
Classification number 331.2164
Author mark and year PAY 1953
110 2# - MAIN ENTRY--CORPORATE NAME
Corporate name or jurisdiction name as entry element International Labour Office.
9 (RLIN) 133440
245 10 - TITLE STATEMENT
Title Payment by results /
Statement of responsibility, etc. International Labour Office.
260 ## - PUBLICATION, DISTRIBUTION, ETC. (IMPRINT)
Place of publication, distribution, etc. Geneva :
Name of publisher, distributor, etc. International Labour Office,
Date of publication, distribution, etc. 1951 [immpression 1953]
300 ## - PHYSICAL DESCRIPTION
Pagination viii, 204 p. ;
Size 24 cm.
490 1# - SERIES STATEMENT
Series statement Studies and reports. New series ;
Volume/sequential designation no. 27
650 #0 - SUBJECT ADDED ENTRY--TOPICAL TERM
Topical term or geographic name as entry element Wages
9 (RLIN) 133534
Topical term or geographic name as entry element Bonuses (Employee fringe benefits)
9 (RLIN) 133535
Topical term or geographic name as entry element Piecework
9 (RLIN) 133536
Topical term or geographic name as entry element Industrial efficiency
9 (RLIN) 133537
830 #0 - SERIES ADDED ENTRY--UNIFORM TITLE
Uniform title Studies and reports (International Labour Office).
Volume number/sequential designation no. 27
942 ## - ADDED ENTRY ELEMENTS (KOHA)
Source of classification or shelving scheme Dewey Decimal Classification
Koha item type Books
Holdings
Lost status Source of classification or shelving scheme Damaged status Not for loan Collection code Permanent Location Current Location Shelving location Date acquired Source of acquisition Cost, normal purchase price Total Checkouts Full call number Date last seen Copy number Koha item type
  Dewey Decimal Classification     Non-fiction Central Library, University of Rajshahi Central Library, University of Rajshahi   10/04/1970 Asia Foundation 8.75   331.2164 PAY 1953 22/06/2016 C-2 Books